| 000 | 00473nam a2200157Ia 4500 | ||
|---|---|---|---|
| 008 | 170221s9999 xx 000 0 und d | ||
| 100 | _aMaoxin Sun | ||
| 245 | _aHandover Management Scheme in SDN-based Wireless LAN | ||
| 245 | _cMaoxin Sun and Hongyan Qian | ||
| 260 | _bJournal of Communications | ||
| 260 | _c2014 | ||
| 300 | _a14 : | ||
| 650 | _xCommunication | ||
| 650 | _xMedia Arts | ||
| 856 | _uhttp://www.jocm.us/index.php?m=content&c=index&a=lists&catid=159 | ||
| 999 |
_c308717 _d308717 |
||